|
|
|
|
| LEADER |
00000nam0a2200000 4500 |
| 001 |
220770 |
| 005 |
20231031195503.0 |
| 035 |
|
|
|a (RuTPU)RU\TPU\book\240903
|
| 090 |
|
|
|a 220770
|
| 100 |
|
|
|a 20120831d1969 km y0rusy50 ca
|
| 101 |
1 |
|
|a rus
|c eng
|
| 102 |
|
|
|a RU
|
| 105 |
|
|
|a a z 001zy
|
| 200 |
1 |
|
|a Волоконная оптика
|e принципы и применения
|e пер. с англ.
|f Н. С. Капани
|g под ред. В. Б. Вейнберга, Д. К. Саттарова
|
| 210 |
|
|
|a Москва
|c Мир
|d 1969
|
| 215 |
|
|
|a 464 с.
|c ил.
|
| 320 |
|
|
|a Библиогр.: с. 451-461.
|
| 610 |
1 |
|
|a оптика
|
| 610 |
1 |
|
|a волоконная оптика
|
| 610 |
1 |
|
|a принципы
|
| 610 |
1 |
|
|a применение
|
| 610 |
1 |
|
|a распространение
|
| 610 |
1 |
|
|a передача
|
| 610 |
1 |
|
|a технология
|
| 610 |
1 |
|
|a волокна
|
| 610 |
1 |
|
|a жгуты
|
| 610 |
1 |
|
|a характеристики
|
| 610 |
1 |
|
|a изображения
|
| 675 |
|
|
|a 535.8
|v 3
|
| 675 |
|
|
|a 666.2
|v 3
|
| 700 |
|
1 |
|a Капани
|b Н. С.
|
| 702 |
|
1 |
|a Вейнберг
|b В. Б.
|4 340
|
| 702 |
|
1 |
|a Саттаров
|b Д. К.
|4 340
|
| 801 |
|
1 |
|a RU
|b 63413507
|c 20120831
|
| 801 |
|
2 |
|a RU
|b 63413507
|c 20150608
|g RCR
|
| 942 |
|
|
|c BK
|